000 00823cam a22002771 4500
001 31928
005 20230404125943.0
008 720314s1963 lauab b s000 0 eng
035 _9(DLC) 46001887
035 _a8342239
010 _a 46001887
035 _a(OCoLC)263097
040 _aDLC
_cOYU
_dOCoLC
_dNcRS
_dNN
_dDLC
042 _apremarc
050 1 4 _a103 F 2508
_bS662b 1963
082 0 0 _a918.1
100 1 _aSmith, T. Lynn
_q(Thomas Lynn),
_d1903-
245 1 0 _aBrazil :
_bpeople and institutions /
_c[by] T. Lynn Smith.
260 _aBaton Rouge :
_bLouisiana State University Press,
_c1946.
300 _axxiv, 843 p.
_billus., maps.
_c24 cm.
504 _aBibliography: p.[814]-828.
651 0 _aBrazil.
651 0 _aBrazil
_xCivilization.
942 _2lcc
_cbk
985 _eOCLC REPLACEMENT cdsdistr
999 _c8015
_d8015